<?xml version="1.0" encoding="UTF-8"?>
<collection xmlns="http://www.loc.gov/MARC21/slim">
<record>
  <controlfield tag="001">785</controlfield>
  <datafield tag="960" ind1=" " ind2=" ">
    <subfield code="a">ia311033</subfield>
  </datafield>
  <datafield tag="036" ind1=" " ind2=" ">
    <subfield code="a">1909UlatisVacavilleUnionHighSchool</subfield>
  </datafield>
  <datafield tag="037" ind1=" " ind2=" ">
    <subfield code="a">/2/items/1909UlatisVacavilleUnionHighSchool</subfield>
  </datafield>
  <datafield tag="038" ind1=" " ind2=" ">
    <subfield code="a">vacavillehighschoolulatis1909</subfield>
  </datafield>
  <datafield tag="041" ind1=" " ind2=" ">
    <subfield code="a">eng</subfield>
  </datafield>
  <datafield tag="100" ind1=" " ind2=" ">
    <subfield code="a">Vacaville Union High School</subfield>
  </datafield>
  <datafield tag="245" ind1=" " ind2=" ">
    <subfield code="a">1909 Ulatis - Vacaville Union High School</subfield>
  </datafield>
  <datafield tag="260" ind1=" " ind2=" ">
    <subfield code="c">1909</subfield>
  </datafield>
  <datafield tag="520" ind1=" " ind2=" ">
    <subfield code="a">The Ulatis Commencement Yearbook of 1909 Vacaville Union High School. Published by the Students and dedicated to Miss Irene Pitcher. Edited by Roland E. Hartley, JR.</subfield>
  </datafield>
  <datafield tag="856" ind1="0" ind2=" ">
    <subfield code="f">vacahc@gmail.com</subfield>
  </datafield>
  <datafield tag="980" ind1=" " ind2=" ">
    <subfield code="a">78348943245</subfield>
  </datafield>
  <datafield tag="650" ind1="1" ind2="7">
    <subfield code="2">CaVaHC</subfield>
    <subfield code="a">Publication/Yearbook</subfield>
  </datafield>
  <datafield tag="300" ind1=" " ind2=" ">
    <subfield code="a">52</subfield>
  </datafield>
</record>
</collection>